Retrouve les chansons de Jenifer - Statistiques

Statistiques générales
  • Ce quiz a été pris 36 fois
  • Le résultat moyen est 15 sur 22
Answers on the Grid
Answers color-coded by a green-red scale on the quiz's grid according to % correct below.
Le Souvenir de ce jour
Sur le fil
Caravane
Tourner ma page
Week-end
L'Envers du paradis
Sauve qui aime
Encore et encore
Une étincelle
L'Amour fou
Comme un hic
Ma révolution
L'Amour et moi
Capuche
Doudou
Au soleil
Comme c'est bon
Serre-moi
Des mots qui résonnent !
Mademoiselle Juliette
Je danse
Notre idylle
Il me dit que je suis belle
Donne-moi le temps
J'attends l'amour
La femme chocolat
C'est de l'or
Les Jours électriques
Paradis secret
Si c'est une île
 
Statistiques - réponses
Réponse % Correct
Donne-moi le temps
97%
Au soleil
94%
Ma révolution
94%
Tourner ma page
86%
Des mots qui résonnent !
83%
J'attends l'amour
81%
Comme un hic
78%
Notre idylle
78%
Je danse
75%
Sur le fil
72%
Les Jours électriques
69%
C'est de l'or
61%
Comme c'est bon
61%
L'Amour et moi
61%
Le Souvenir de ce jour
61%
Paradis secret
58%
Serre-moi
58%
Sauve qui aime
56%
Encore et encore
47%
L'Amour fou
47%
Si c'est une île
47%
L'Envers du paradis
42%
Aucun quiz correspondant
Distribution des résultats
% des personnes avec chaque résultat
Percentile par nombre de réponses
Votre historique - résultats
Vous n’avez pas pris ce quiz